24 hodín v starovekom Ríme jeden deň v živote ľudí, ktorí tam žili
Spoznajte skutočný Rím prostredníctvom 24 hodín v živote jeho obyvateľov. V tejto pútavej a zároveň náučnej knihe nám historik a autor bestsellerov Philip Matyszak predstaví ľudí, ktorí tam žili a pracovali. Každú dennú a nočnú hodinu spoznáme novú postavu - cisára, slúžku, gladiátora, astrológa, po...
| Main Author: | |
|---|---|
| Other Authors: | |
| Format: | CD Audio |
| Language: | Slovak English |
| PhysicalDescription: | 1 elektronický optický disk (CD-ROM) digitálny, MP3 12cm |
| Published: |
Levoča
Slovenská knižnica pre nevidiacich Mateja Hrebendu
2020
|
| ISBN: | 9788018091197 |
| Subjects: |
MARC
| LEADER | 00000nim a2200000 a 4500 | ||
|---|---|---|---|
| 001 | vtls011997293 | ||
| 003 | SK-MaSNL | ||
| 005 | 20260301190606.0 | ||
| 007 | sd fungnnmmned | ||
| 008 | 201012s2020 xo nnnnfs z n slo | ||
| 015 | |a SNBJ2023 | ||
| 020 | |a 9788018091197 |q (CD-ROM) | ||
| 040 | |a SNK |b slo |c SNK |e AACR2 | ||
| 041 | 1 | |a slo |h eng | |
| 043 | |a e------ |a ff----- |a aw----- | ||
| 044 | |a xo |c SK | ||
| 072 | 7 | |a 94(3) |x Dejiny krajín starovekého sveta |2 konspekt | |
| 080 | |a 394 |2 2011 | ||
| 080 | |a 94(3) |2 2011 | ||
| 080 | |a (37) |2 2011 | ||
| 080 | |a (0.062) |2 2011 | ||
| 080 | |a (086.7) |2 2011 | ||
| 100 | 1 | |a Matyszak, Philip |4 aut |9 323442 | |
| 245 | 1 | 0 | |a 24 hodín v starovekom Ríme |h elektronický zdroj |b jeden deň v živote ľudí, ktorí tam žili |c Philip Matyszak ; číta: Igor Šabek |
| 246 | 3 | |a Dvadsaťštyri hodín v starovekom Ríme | |
| 246 | 3 | 0 | |a Jeden deň v živote ľudí, ktorí tam žili |
| 260 | |a Levoča |b Slovenská knižnica pre nevidiacich Mateja Hrebendu |c 2020 | ||
| 300 | |a 1 elektronický optický disk (CD-ROM) |b digitálny, MP3 |c 12cm | ||
| 306 | |a 073000 | ||
| 520 | 8 | |a Spoznajte skutočný Rím prostredníctvom 24 hodín v živote jeho obyvateľov. V tejto pútavej a zároveň náučnej knihe nám historik a autor bestsellerov Philip Matyszak predstaví ľudí, ktorí tam žili a pracovali. Každú dennú a nočnú hodinu spoznáme novú postavu - cisára, slúžku, gladiátora, astrológa, posla, výrobcu vodných hodín, kňažku, otroka, senátora či strážnika a mnohých ďalších a dozvieme sa fascinujúce podrobnosti z ich každodenného života. | |
| 521 | |a Pre nevidiacich, slabozrakých a inak zdravotne postihnutých | ||
| 650 | 0 | 7 | |a každodenný život |2 SNKPH |9 4946 |
| 650 | 0 | 7 | |a starovek |2 SNKPH |9 4258 |
| 650 | 0 | 7 | |a dejiny staroveku |2 SNKPH |9 71766 |
| 651 | 7 | |a Rímska ríša |2 SNKPHgeo |9 212347 | |
| 655 | 7 | |a zvukové záznamy |2 SNKPH |9 70720 | |
| 655 | 7 | |a populárno-náučné publikácie |2 SNKPH |9 70460 | |
| 655 | 7 | |a CD-ROM |2 SNKPH |9 70236 | |
| 700 | 1 | |a Šabek, Igor, |d 1958- |4 nrt |9 312846 | |
| 787 | 0 | 8 | |i Podľa knihy: |t 24 hodín v starovekom Ríme : jeden deň v živote ľudí, ktorí tam žili |d Bratislava : Eastone Books, 2019 |z 978-80-8109-367-8 |
| 919 | |a 978-80-18-09119-7 | ||
| 958 | |a SX | ||
| 999 | |c 868069 |d 869999 | ||
| 952 | |a SNK |b SNK |y PREZ |7 0 |p 17A1482285 |o snkSCD 5888 |i snk2022/6681 |8 0 |0 0 |1 0 |4 0 |d 2022-05-04 |l 0 |r 2026-02-24 05:33:08 |w 2026-02-24 | ||


